| 000 | 00407nam a2200157 4500 | ||
|---|---|---|---|
| 001 | 127773 | ||
| 003 | ES-MaACL | ||
| 005 | 20230906193100.0 | ||
| 007 | t| | ||
| 008 | 070214s1936 fr r ||||1| fre d | ||
| 100 | 1 |
_aRival, Paul. _997540 |
|
| 245 | 1 | 4 |
_aLes six femmes du roi Henry VIII / _cPaul Rival. |
| 260 |
_aParis : _bGallimard, _c1936. |
||
| 300 |
_a286 p. ; _c10 cm. |
||
| 852 |
_aES-MaACL _jA-4263 |
||
| 999 |
_c127773 _d127773 |
||